01254nab a2200169 i 4500001001000000003001000010005001700020008004100037040003000078041000800108100004100116245010300157520059800260650003700858700004900895773014000944768714001CO-MdFUSB20240826113245.0220912s1997 ck ||||| |||| 00| 0 spa d bspacCO-MdFUSBdCO-MdFUSB aspa aChiripúa Dauchay, Lorenzo, eautor aIndios Eperara - Siapidarac/ Lorenzo Chiripúa Dauchay , Hna Alicia del Carmen Lara Echeverría a"No existe pueblo que carezca de religión o magia". Puesto que todos los hombres tienen cultura, y que para los pueblo indígenas todo está integrado, no existe una división rígida entre el mundo espiritual, natural y social, por eso, todos estos elementos hacen parte de una unidad. Esta misma unidad, permite que incida un mundo sobre el otro. Las celebraciones son precisamente momentos fuertes en los que se realiza esta comunicación entre el mundo espiritual, natural y social como lo podemos ir detectando en la celebración del Nejedek´o que es el tema de investigación. 7aAntropología cultural y social aLara Echeverría, Alicia del Carmen,eautor0 049438dCentro Antropológico ColombianooR1697tEthniaw(CO-MdFUSB)768714001gVolumen 79, (mayo, 1997), páginas: 7- 92 qpágina: 7